01310nam a22002297a 4500001001000000003001100010005001700021008004100038040001800079041000800097050001900105082001100124100009600135240008800231245019100319260009400510300001600604500017900620505018100799650004400980651005601024BRCA_9264FranzMayer20230719122132.0230719b |||||||| |||| 00| 0 eng d aMFMbespcMFM aesp 4aLM23bT75 1769 2JZ15821 4AutoraTrincado, Don ManuelqPresbytero de la Villa de Cintruenigo, en el Reyno de Navarra 1 aCompendio histórico, geográfico y genealógico de los soberanos de Europalesp aCompendio histórico, geográfico y genealógico de los soberanos de EuropabDescripción de sus cortes, Religión y fuerzas, con la serie de sus príncipes, hasta el año de 1766 aMadrid, EspañabReal Compañía de Impresores y Mercaderes de Libros del Reyno c1769 a456 pc21.5 aPágina 385 y 392 se encuentran desprendidas y fueron colocadas aparte en un plástico protector.Incluye dos papeles pequeños y algo despintados en plástico protector. 0 aTexto en: españolDirigido a: historiadores, investigadores, sociólogos, o personas con interés en la historia de Europa.Índice: alfabético de los monarcas mencionados1 2HistoriaaHistoria europeavMonarquía2 2Europa OccidentalaMonarquía europeavSiglo XVIII